| 000 | 00511nam a2200169Ia 4500 | ||
|---|---|---|---|
| 999 |
_c739 _d739 |
||
| 003 | OSt | ||
| 005 | 20210827124124.0 | ||
| 008 | 190216s9999||||xx |||||||||||||| ||und|| | ||
| 040 | _coclc | ||
| 082 |
_a956 _bNAD/M |
||
| 100 |
_aNadwath, Abu Hassan Ali Al Hasaniyyi _98719 |
||
| 245 | 0 |
_aAl Muslimoona Fi Al Hind / _cAbu Hassan Ali Al Hasaniyyi Nadwath |
|
| 260 |
_bAl Hunda Book Stall, _aCalicut: _c1998. |
||
| 300 | _a236p | ||
| 650 | _aArabic | ||
| 942 |
_cBK _2ddc _h956 _iNAD/M _k956 _mNAD/M |
||